000 00572nam a2200169 4500
001 116110
003 ES-MaACL
005 20230906190633.0
007 t|
008 061121s1983 sp r ||||1| spa d
100 1 _aOrtuño Martínez, Angel.
_987686
245 1 0 _aCiencia y libertad humana /
_cAngel Ortuño Martínez.
260 _aMurcia :
_bInstituto de Orientación y Asistencia Técnica del Sureste,
_c1983.
300 _a36 p. ;
_c24 cm.
710 2 _aInstituto de Orientación y Asistencia Técnica del Sureste.
_94991
852 _aES-MaACL
_j2129-F-19
_bR.105671
999 _c116110
_d116110